Message from the President of the United States transmitting the Fifth Annual Report of the United States High Commissioner to the Philippine Islands covering the fiscal year 1941.

Bibliographic Details
Corporate Authors: United States. Congress. House. Committee on Insular Affairs, ProQuest (Firm), United States. High Commissioner to the Philippine Islands
Format: Government Document eBook
Language:English
Published: Washington : [publisher not identified], 1942.
Series:United States congressional serial set.
Subjects:
Online Access:Connect to the full text of this electronic book

MARC

Tag First Indicator Second Indicator Subfields
LEADER 00000cam a22000001a 4500
001 in00002802239
005 20190331182059.0
006 m o d
007 cr bn mmmapmmp
008 091231s1942 dcud o f000 0 eng d
035 |a cis2004336687 
040 |a UMI  |c UMI  |d UtOrBLW 
043 |a n-us--- 
086 0 |a W 105.1:941 
099 |a ProQuest Serial Set Number 10741 H.doc.885 
110 1 |a United States.  |b Congress.  |b House.  |b Committee on Insular Affairs. 
245 1 0 |a Message from the President of the United States transmitting the Fifth Annual Report of the United States High Commissioner to the Philippine Islands covering the fiscal year 1941. 
246 1 |a 5th annual report of United States High Commissioner to Philippine Islands, 1941 
264 1 |a Washington :  |b [publisher not identified],  |c 1942. 
300 |a 1 online resource. 
336 |a text  |b txt  |2 rdacontent 
337 |a computer  |b c  |2 rdamedia 
338 |a online resource  |b cr  |2 rdacarrier 
490 0 |a H.doc.885 
500 |a Record is based on bibliographic data in ProQuest U.S. Serial Set Digital Collection (last viewed Dec. 2009). Reuse except for individual research requires license from ProQuest, LLC. 
510 3 |a ProQuest U.S. Serial Set Digital Collection 
500 |a Electronic resource. 
650 0 |a Banks and banking. 
650 0 |a Business. 
650 0 |a Education. 
655 7 |a Electronic books.  |2 local 
710 2 |a ProQuest (Firm) 
710 1 |a United States.  |b High Commissioner to the Philippine Islands. 
830 0 |a United States congressional serial set. 
856 4 0 |u http://proxy.library.tamu.edu/login?url=http://congressional.proquest.com/congcomp/getdoc?SERIAL-SET-ID=10741+H.doc.885  |z Connect to the full text of this electronic book  |t 0 
999 |a MARS 
999 f f |s 56124ba1-b30f-3e99-82bd-6215519ce36b  |i fa9ded77-e17c-3894-a57d-c17fb2fb9534  |t 0 
952 f f |a Texas A&M University  |b College Station  |c Electronic Resources  |d Available Online  |t 0  |e ProQuest Serial Set Number 10741 H.doc.885  |h Other scheme 
998 f f |a ProQuest Serial Set Number 10741 H.doc.885  |t 0  |l Available Online